Santiago: proyecto urbano

Sparad:
Bibliografiska uppgifter
Huvudupphovsmän: Greene Zúñiga, Margarita (Författare, medförfattare), Rosas Vera, José (Författare, medförfattare), Valenzuela Blejer, Luis (Författare, medförfattare)
Materialtyp: Bok
Språk:spanska
Publicerad: Santiago Ediciones ARQ 2011
Upplaga:1a. ed
Serie:Arquitectura-Teoría y Obra, 10
Ämnen:
Taggar: Lägg till en tagg
Inga taggar, Lägg till första taggen!

MARC

LEADER 00000cam a2200000 a 4500
001 UCE6028
003 CL-VaPUC
008 150319e20110000cl |||||||||||||||||spa|d
020 |a 9789561412057 
082 0 4 |a 711.4  |b GRE  |2 21 
100 |a Greene Zúñiga, Margarita  |e author  |9 578703 
700 0 |a Rosas Vera, José  |e author  |9 578704 
700 0 |a Valenzuela Blejer, Luis  |e author  |9 578705 
245 1 0 |a Santiago: proyecto urbano 
250 |a 1a. ed 
300 |a 195 p 
942 |c BK 
945 |d 20150319 12:57:00  |a dcastane 
260 |a Santiago  |b Ediciones ARQ  |c 2011 
650 0 |a Urbanismo  |9 255208 
650 0 |a Desarrollo social  |9 264534 
650 7 |a DESARROLLO URBANO  |2 CL-VaPUC  |9 578706 
650 0 |a Ciudades  |9 265474 
583 |a last modification  |c 20150319 12:57:00  |k Rodrigo Vera 
490 0 |a Arquitectura-Teoría y Obra, 10 
999 |c 358521  |d 358519 
952 |0 0  |1 0  |3 erb  |4 0  |6 711_400000000000000_GRE_2011  |7 0  |8 A  |9 467283  |a BIBARQ  |b BIBARQ  |i 5141982  |o 711.4 GRE 2011  |p 5141982  |r 2025-01-20  |w 2019-11-23  |y BK  |z Catalogado en:20150319  |k ARQ